000 03280cam a22005534i 4500
003 PE-LiUPU
005 20250731173345.0
008 150706s2005 xxu r 000 0 spa d
020 _a0829743669
035 _a(Sirsi) i9780829743661
035 _a(Sirsi) i9780829743661
040 _aPE-LiUPU
_bspa
_cPE-LiUPU
_erda
049 _aPRUA
082 0 4 _a212.1
_bS83
_221
100 1 _aStrobel, Lee,
_eautor.
245 1 3 _aEl caso del creador :
_bun periodista investiga evidencias científicas que apuntan hacia Dios /
_cLee Strobel.
264 1 _aFlorida :
_bVida,
_c2005.
300 _a415 páginas ;
_c22 centímetros
336 _atext
_2rdacontent
337 _aunmediated
_2rdamedia
338 _avolume
_2rdacarrier
505 0 _aCientíficos de bata blanca contra predicadores de toga negra -- Las imágenes de la evolución -- Dudas acerca del darwinismo una entrevista con Jonathan Wells -- El lugar donde la ciencia se encuentra con la fe una entrevista con Stephen C. Meyer -- La evidencia de la cosmología: el comienzo con un Bang -- La evidencia de la física: el cosmos en el filo de una navaja -- La evidencia de la astronomía: el planeta privilegiado -- La evidencia de la bioquímica: la complejidad de las máquinas moleculares -- La evidencia de la información biológica: el desafío del ADN y el origen de la vida -- La evidencia de la conciencia: el enigma de la mente -- El caso acumulativo a favor de un Creador.
526 _aSEG42
526 _aSEG41
526 _aSEG40
526 _aSEG39
526 _aP94
526 _aP87
526 _aP86
526 _aP85
526 _aP77
526 _aP76
526 _aP35
541 _g001-0000555;
541 _g001-0000464;
541 _g0001-006746;
650 0 4 _aDios
_xPrueba cosmológica.
650 0 4 _aReligión y ciencia.
910 _agl
_bjv
_cng
_d20091124
942 _2ddc
_cBOOK
949 _a212.1 S83
_wDEWEY
_c1
_i60665
_d2016-9-7
_e2016-9-4
_lCCODEBUL1
_mBUL
_n7
_p12.00
_r0
_sY
_tBOOK
_u2015-7-6
_xTEOLOGIA
_zUNKNOWN
_o.STAFF. Colección Teología
949 _a212.1 S83
_wDEWEY
_c2
_i63689
_d2016-9-28
_e2016-9-26
_lCCODEBUL1
_mBUL
_n5
_p14.00
_r0
_sY
_tBOOK
_u2015-7-6
_xTEOLOGIA
_PP35
_0COMPRA
_o.STAFF. Colección Teología
949 _a212.1 S83
_wDEWEY
_c3
_i64075
_d2016-9-18
_e2016-9-18
_lCCODEBUL1
_mBUL
_n10
_p14.00
_r0
_sY
_tBOOK
_u2015-7-6
_xTEOLOGIA
_PP35
_0COMPRA
_o.STAFF. Colección Teología
994 _aC0
_bPEPRU
596 _a1
999 _a212.1 S83
_wDEWEY
_c50074
_i60665
_d50074
_e2017-9-18
_f2021-11-10
_g5
_lCCODEBUL1
_mBUL
_n8
_p12.00
_r0
_sY
_tBOOK
_u2015-7-6
_xTEOLOGIA
_PP35
_0COMPRA
_o.STAFF. Colección Teología
999 _a212.1 S83
_wDEWEY
_c2
_i63689
_d2017-11-20
_e2017-9-21
_f2021-11-9
_g5
_lCCODEBUL1
_mBUL
_n6
_p14.00
_q1
_r0
_sY
_tBOOK
_u2015-7-6
_xTEOLOGIA
_PP35
_0COMPRA
_o.STAFF. Colección Teología
999 _a212.1 S83
_wDEWEY
_c3
_i64075
_d2019-11-11
_e2016-9-18
_f2021-11-10
_g5
_lCCODEBUL1
_mBUL
_n10
_p14.00
_q2
_r0
_sY
_tBOOK
_u2015-7-6
_xTEOLOGIA
_PP35
_0COMPRA
_o.STAFF. Colección Teología
980 _81
_gALBERTO SANCHEZ Responsable de Automatización